000 00759nam a2200265 a 4500
001 BRL_1070
005 20190320211024.0
008 061113s1968----nyuo######---#000-0#eng-#
020 _a0385032390
041 _aeng
044 _anyu
050 4 _aN6550
_b.S65 1968
100 1 _aSmith, Bradley
_d1910-1997
_925743
245 1 0 _aMexico, a History in Art
_cBy Bradley Smith.
260 _aNew York
_bDoubleday
_c1968
300 _a296 p,
_bil. (algunas a color)
_c33 cm.
440 0 _aA Gemini Smith book
_925744
500 _aAu1199
500 _aEstado físico: tiene desgarrada la camisa
504 _aBibliografía: p. 294-295
650 1 4 _aArte mexicano
_xHistoria
_94535
651 4 _aMéxico
_xEn el arte
_95715
902 _aGRL
942 _2lcc
_cB
999 _c9882
_d9882